Primer documento de líneas directrices : (Registro nro. 3100)

Detalles MARC
000 -CABECERA
Campo de control 00912nam a2200253 a 4500
005 - FECHA Y HORA DE LA ULTIMA TRANSACCION
Campo de control 20180803165051.0
008 - ELEMENTOS DE LONGITUD FIJA—INFORMACION GENERAL
Campo de control 140310t1998 ck fr|||| 000 0 spa d
020 ## - ISBN
ISBN 9253041641
040 ## - FUENTE DE CATALOGACIÓN
Agencia catalogadora original CO-BoIAVH
Agencia transcriptora CO-BoIAVH
041 0# - IDIOMA
Código de idioma para texto/pista de sonido o título separado Español
044 ## - PAÍS DE PUBLICACIÓN
País de publicación Colombia
082 04 - NUMERO DE CLASIFICACION DECIMAL DEWEY
Número de clasificación 333.95416
Número del ítem O68p
110 2# - ASIENTO PRINCIPAL--NOMBRE CORPORATIVO
Unidad subordinad Organización de las Naciones Unidas para la Agricultura y la Alimentación, FAO
9 (RLIN) 18518
245 10 - MENCION DE TITULO
Título Primer documento de líneas directrices :
Parte restante del título para la elaboración de planes nacionales de gestión de los recursos genéticos de animales de granja
260 ## - PUBLICACION, DISTRIBUCION, ETC. (PIE DE IMPRENTA)
Lugar de publicación, distribución, etc. Roma :
Nombre del editor, distribuidor, etc. FAO,
Fecha de publicación, distribución, etc. 1998.
300 ## - DESCRIPCION FISICA
Extensión 145 páginas ;
Dimensiones 30 x 21 cm.
650 16 - ASIENTO SECUNDARIO DE MATERIA - TERMINO TEMATICO
Término temático o nombre geográfico como elemento de entrada Recursos genéticos
9 (RLIN) 62322
650 26 - ASIENTO SECUNDARIO DE MATERIA - TERMINO TEMATICO
Término temático o nombre geográfico como elemento de entrada Biotecnología
9 (RLIN) 62323
650 26 - ASIENTO SECUNDARIO DE MATERIA - TERMINO TEMATICO
Término temático o nombre geográfico como elemento de entrada Animales domésticos
9 (RLIN) 62324
650 26 - ASIENTO SECUNDARIO DE MATERIA - TERMINO TEMATICO
Término temático o nombre geográfico como elemento de entrada Sistemas de producción sostenibles
9 (RLIN) 18521
650 26 - ASIENTO SECUNDARIO DE MATERIA - TERMINO TEMATICO
Término temático o nombre geográfico como elemento de entrada Agrobiodiversidad
9 (RLIN) 62325
650 26 - ASIENTO SECUNDARIO DE MATERIA - TERMINO TEMATICO
Término temático o nombre geográfico como elemento de entrada Gestión ambiental
9 (RLIN) 92206
942 ## - ELEMENTOS ADICIONALES (KOHA)
Tipo de ítem Libro
Sistema de clasificación Dewey Decimal Classification
Existencias
Withdrawn status Lost status Sistema de Clasificación Damaged status No para préstamo Colección Inventariado Ubicación Permanente Ubicación actual Fecha de adquisición Valor Total Checkouts Número topográfico Inventario / Código de Barras Date last seen Ejemplar Price effective from Forma de adquisición Tipo de material Fuente de Valor
    Dewey Decimal Classification     General Inventariado 2017 Bogotá Bogotá 05/03/2003 39000.00   LB-333.95416 O68p 003457 04/12/2012 Ej.1 04/12/2012   Libro  
    Local     General   Villa de Leyva Villa de Leyva 12/05/2003     LB-02862 005125 04/12/2012 Ej.2 04/12/2012   Libro Biocomercio
    Local     General   Villa de Leyva Villa de Leyva 12/05/2003     LB-02862 005126 04/12/2012 Ej.3 04/12/2012   Libro Biocomercio
    Local     General   Villa de Leyva Villa de Leyva 12/05/2003     LB-02862 005127 04/12/2012 Ej.4 04/12/2012   Libro Biocomercio